logo

Bir Sreshtho Munshi Abdur Rouf Library
Jhenaidah Cadet College

Walden, or, Life in the woods / (Record no. 7343)

MARC details
000 -LEADER
fixed length control field 02538cam a2200373 a 4500
001 - CONTROL NUMBER
JCCL Control Number 7343
003 - CONTROL NUMBER IDENTIFIER
JCCL marc code BD-JhCC
005 - DATE AND TIME OF LATEST TRANSACTION
control field 20200205134007.0
008 - FIXED-LENGTH DATA ELEMENTS--GENERAL INFORMATION
fixed length control field 941011r19951854nyua 000 0aeng
020 ## - INTERNATIONAL STANDARD BOOK NUMBER
International Standard Book Number 0486284956 (pbk.)
035 ## - SYSTEM CONTROL NUMBER
system control number (BD-JhCC)7343
040 ## - CATALOGING SOURCE
Original cataloging agency DLC
Transcribing agency DLC
Modifying agency DLC
-- BD-JhCC
041 ## - LANGUAGE CODE
Language code of Book eng
050 10 - LIBRARY OF CONGRESS CALL NUMBER
Classification number PS3048
Item number .A1 1995
082 00 - DEWEY DECIMAL CLASSIFICATION NUMBER
Classification number 818/.303
DDC Edition number 20
Author mark and Year THO 1995
100 1# - MAIN ENTRY--PERSONAL NAME
Personal name Thoreau, Henry David,
Dates associated with a name 1817-1862.
240 10 - UNIFORM TITLE
Uniform title Walden
245 10 - TITLE STATEMENT
Title Walden, or, Life in the woods /
Statement of responsibility, etc Henry David Thoreau.
246 30 - VARYING FORM OF TITLE
Title proper/short title Life in the woods
260 ## - PUBLICATION, DISTRIBUTION, ETC. (IMPRINT)
Place of publication, distribution, etc New York :
Name of publisher, distributor, etc Dover Publications,
Date of publication, distribution, etc 1995.
300 ## - PHYSICAL DESCRIPTION
Pagination v, 216 p. :
Other physical details ill. ;
Dimensions 21 cm.
440 #0 -
Title Dover thrift editions
500 ## - GENERAL NOTE
General note Originally published: Boston : Ticknor and Fields, 1854.
520 ## - SUMMARY, ETC.
Summary, etc Nature was a form of religion for naturalist, essayist, and early environmentalist Henry David Thoreau (1817–62). In communing with the natural world, he wished to "live deliberately, to front only the essential facts of life, and … learn what it had to teach." Toward that end Thoreau built a cabin in the spring of 1845 on the shores of Walden Pond — on land owned by Ralph Waldo Emerson — outside Concord, Massachusetts. There he observed nature, farmed, built fences, surveyed, and wrote in his journal.<br/>One product of his two-year sojourn was this book — a great classic of American letters. Interwoven with accounts of Thoreau's daily life (he received visitors and almost daily walked into Concord) are mediations on human existence, society, government, and other topics, expressed with wisdom and beauty of style.<br/>Walden offers abundant evidence of Thoreau's ability to begin with observations on a mundane incident or the minutiae of nature and then develop these observations into profound ruminations on the most fundamental human concerns. Credited with influencing Tolstoy, Gandhi, and other thinkers, the volume remains a masterpiece of philosophical reflection.<br/>A selection of the Common Core State Standards Initiative.
600 10 - SUBJECT ADDED ENTRY--PERSONAL NAME
Personal name Thoreau, Henry David,
Dates associated with a name 1817-1862
General subdivision Homes and haunts
Geographic subdivision Massachusetts
-- Walden Woods.
650 #0 - SUBJECT ADDED ENTRY--TOPICAL TERM
Topical term or geographic name as entry element Wilderness areas
Geographic subdivision Massachusetts
-- Walden Woods.
650 #0 - SUBJECT ADDED ENTRY--TOPICAL TERM
Topical term or geographic name as entry element Natural history
Geographic subdivision Massachusetts
-- Walden Woods.
650 #0 - SUBJECT ADDED ENTRY--TOPICAL TERM
Topical term or geographic name as entry element Authors, American
Chronological subdivision 19th century
General subdivision Biography.
650 #0 - SUBJECT ADDED ENTRY--TOPICAL TERM
Topical term or geographic name as entry element Solitude.
651 #0 - SUBJECT ADDED ENTRY--GEOGRAPHIC NAME
Geographic name Walden Woods (Mass.)
General subdivision Social life and customs.
856 42 - ELECTRONIC LOCATION AND ACCESS
Materials specified Publisher description
Uniform Resource Identifier http://www.loc.gov/catdir/enhancements/fy0707/94041329-d.html
942 ## - ADDED ENTRY ELEMENTS (KOHA)
Source of classification or shelving scheme Dewey Decimal Classification
Koha item type Books
Koha issues (borrowed), all copies 4
Holdings
Source of classification or shelving scheme Damaged status Not for loan Home library Current library Shelving location Total Checkouts Full call number Barcode Date last seen Date checked out Copy number Koha item type
Dewey Decimal Classification     JCC Rouf Library JCC Rouf Library General Stacks 2 818/.303 THO 1995 9919 02/11/2020 02/04/2020 C - 1 Books

JCC Library | Contacts | JCC Home

Last Update on 23 September 2017
Copyright @ 2017-2020 JCC Rouf Library
Rouf Library, Jhenidah Cadet College (JCC), Bangladesh